000
00289nam a22001337a 4500
008
170619b xxu||||| |||| 00| 0 eng d
020
_a
2900195173276
041
_a
eng
080
_a
32
100
_a
20
101
_a
SHP
245
_a
DEMOCRACY AND THE NEW
_c
GANS,H.J
942
_2
udc
_c
BK
999
_c
18188
_d
18188